000 01014 a2200229 4500
003 Nust
005 20230828083635.0
010 _a 99053340
020 _c3540665749 (softcover : alk. paper)
040 _cNust
082 0 0 _a621.38045,KAP
100 1 _aKapitaniak, Tomasz.
_996914
245 1 0 _aChaos for engineers :
_btheory, applications, and control /
_cTomasz Kapitaniak.
250 _a2nd rev. ed.
260 _aBerlin ;
_aNew York :
_bSpringer,
_cc2000.
300 _axii, 142 p. :
_bill. ;
_c23 cm.
505 _aResponse of a Nonlinear System (Page-1), Continuous Dynamical Systems (Page-5), Discrete Dynamical Systems (Page-39), Fractals (Page-53), Routes to Chaos (Page-69), Applications (Page-87), Controlling Chaos (Page-111).
650 0 _aTelecommunication Engineering.
856 4 2 _3Publisher description
_uhttp://www.loc.gov/catdir/enhancements/fy0815/99053340-d.html
856 4 2 _3Table of contents only
_uhttp://www.loc.gov/catdir/enhancements/fy0815/99053340-t.html
942 _cREF
_2ddc
999 _c175558
_d175558